Bundesverfassungsgericht

Detalles Bibliográficos
Formato: Desconocido
Lenguaje:alemán
Publicado: Karlsruhe : Das Bundesverfassungsgericht, 1951-
Materias:
Acceso en línea:http://www.vlex.com/source/7286

MARC

LEADER 00000 a2200000 4500
005 20130322143938.0
007 cr|||| ||||
008 130322c19519999gw u|p s|||| 0|||a1ger d
035 |a 7286 
040 |a vLex 
090 |c 4000  |d 4000 
245 0 0 |a Bundesverfassungsgericht  |h [Recurso electrn̤ico]  
256 |a Servicio en ln̕ea 
260 |a Karlsruhe :  |b Das Bundesverfassungsgericht,   |c 1951- 
300 |a 1 Recurso electrn̤ico 
506 |d vLex Global  |d vLex Global (Academic Edition, excluding Law Schools)  |d vLex Global (U.S. Academic Edition, Law Schools)  |d vLex Global (U.S. Academic Edition, excluding Law Schools)  |d vLex Global (Academic Edition, Law Schools) 
650 0 4 |a Derecho constitucional   |v Revistas  |z Alemania 
650 0 4 |a Procedimiento constitucional  |v Revistas  |z Alemania 
650 0 4 |a Jurisprudencia  |v Revistas  |z Alemania 
740 |a vLex Revistas (Servicio en ln̕ea) 
856 |a Acceso restringido  |u http://www.vlex.com/source/7286 
942 |c REV 
999 0 |a Constitutional law